000 00894cab a22002055a 4500
001 L138654
008 070629e20070623xxk f 000 0 eng d
035 _a(Sirsi) u138654
041 0 _aeng
100 1 _aMorley, Stuart
245 0 3 _aAn option worth considering
260 _c2007
490 _aEstates Gazette
_v(0725) 23 June 2007, 178-179(2)
520 _aThis two part Mainly for Students article is based on interviews carries out by GVA Grimley and Northumbria University with 30 office occupiers and developers involved in UK prelet agreements. The second part considers the advantages and disadvantages of entering into a preletting agreement from the point of view of the occupier and shows how developers also benefit. (See L138486 ? Pt 1)
590 _aKA
651 4 _aUnited Kingdom
_y
690 _aPROPERTY-PROPERTY DEVELOPMENT
700 1 _aFisher, Peter
942 _n0
999 _c78948
_d78948